000
00315nam a22001337a 4500
008
221117b ||||| |||| 00| 0 eng d
041
_a
eng
080
_2
2 EDITION
_a
334.7
082
_a
334.7RIC
100
_a
25.1
101
_a
MANA
245
_a
CORNERSTONES FINANCIAL MANAGERIAL
_c
RICH .JONES
942
_2
udc
_c
BK
999
_c
58934
_d
58934